[Event "4NCL Division Four"]
[Site "Daventry, ENG"]
[Date "2023.02.04"]
[Round "5.53"]
[White "Sefton, Adam"]
[Black "Moss, Jack"]
[Result "0-1"]
[WhiteElo "1699"]
[BlackElo "1858"]
[PlyCount "60"]
[EventDate "2023.02.04"]
[WhiteTeam "Guildford Young Guns"]
[BlackTeam "MASCeteers"]

1. e4 e5 2. Nc3 Nf6 3. f4 d5 4. fxe5 Nxe4 5. Qf3 f5 6. exf6 Nxf6 7. d4 Bg4 8.
Qf2 Bb4 9. Bd2 O-O 10. Nf3 Bxc3 11. Bxc3 Bxf3 12. gxf3 Ne4 13. Qg2 Qh4+ 14. Ke2
Nxc3+ 15. bxc3 Nc6 16. Kd1 Nxd4 17. f4 Ne6 18. Rg1 Qxf4 19. Bd3 Qf3+ 20. Kd2
Qxg2+ 21. Rxg2 Nf4 22. Rg5 Nxd3 23. Kxd3 c6 24. Re1 Rae8 25. Rge5 Rxe5 26. Rxe5
g6 27. Re7 Rf7 28. Re8+ Kg7 29. c4 dxc4+ 30. Kxc4 g5 0-1

[Event "4NCL Division Four"]
[Site "Daventry, ENG"]
[Date "2023.02.04"]
[Round "5.54"]
[White "Walner, Milenko"]
[Black "Welling, Zac"]
[Result "1/2-1/2"]
[WhiteElo "1760"]
[BlackElo "1622"]
[PlyCount "82"]
[EventDate "2023.02.04"]
[WhiteTeam "MASCeteers"]
[BlackTeam "Guildford Young Guns"]

1. e4 c6 2. Nf3 d5 3. Nc3 Bg4 4. Be2 Bxf3 5. Bxf3 d4 6. Ne2 e5 7. Ng3 c5 8. d3
Nc6 9. h4 h6 10. h5 Nf6 11. Rh3 Qd7 12. Nf5 Ne7 13. Qe2 O-O-O 14. g4 Nxf5 15.
exf5 Nd5 16. Bd2 Qc7 17. Bxd5 Rxd5 18. Qe4 Rd8 19. O-O-O Be7 20. f4 exf4 21.
Bxf4 Bd6 22. Bxd6 Qxd6 23. Rf3 Rhe8 24. Qf4 Qd5 25. Kb1 f6 26. Rff1 Re3 27.
Rfe1 Rde8 28. Qf2 Qe5 29. Rxe3 Qxe3 30. Qg1 b6 31. c3 Qxg1 32. Rxg1 Re2 33.
cxd4 cxd4 34. Rc1+ Kd7 35. Rc4 Rg2 36. Rxd4+ Kc6 37. a3 Kc5 38. Re4 Kd5 39. Ra4
a5 40. Re4 Kc5 41. Ka2 Rg3 1/2-1/2

[Event "4NCL Division Four"]
[Site "Daventry, ENG"]
[Date "2023.02.04"]
[Round "5.55"]
[White "Twisk, Sebastian"]
[Black "Dos Santos Silva, Bruno Alexandre"]
[Result "1/2-1/2"]
[WhiteElo "1651"]
[BlackElo "1711"]
[PlyCount "113"]
[EventDate "2023.02.04"]
[WhiteTeam "Guildford Young Guns"]
[BlackTeam "MASCeteers"]

1. e4 c5 2. c3 d5 3. exd5 Qxd5 4. Nf3 g6 5. Na3 Bg7 6. Bc4 Qe4+ 7. Qe2 Qxe2+ 8.
Bxe2 a6 9. Nc4 Nd7 10. a4 Nh6 11. d3 O-O 12. Ra3 Re8 13. O-O Rb8 14. a5 Nf5 15.
Bd1 Nd6 16. Nxd6 exd6 17. Bf4 Ne5 18. Nxe5 Bxe5 19. Re1 Bf5 20. Ba4 Re7 21. d4
Bf6 22. Rxe7 Bxe7 23. dxc5 Rd8 24. c6 bxc6 25. Bxc6 d5 26. Rb3 d4 27. Rb8 dxc3
28. bxc3 Be6 29. Bf3 Bc4 30. Rb1 Bf6 31. Rb8 Rxb8 32. Bxb8 Bd8 33. Bd6 Bxa5 34.
Bb4 Bc7 35. g3 a5 36. Ba3 Be5 37. Bb2 Kf8 38. Bc6 Ke7 39. f4 Bd6 40. Kf2 Bc5+
41. Kf3 Kd6 42. Ba4 h5 43. g4 hxg4+ 44. Kxg4 Ke6 45. h4 Be7 46. Ba1 Ba3 47. Bc2
Bc1 48. f5+ Kf6 49. fxg6 fxg6 50. Bd1 Bh6 51. Bb2 Bg7 52. Ba1 Be6+ 53. Kg3 Kf7
54. h5 Be5+ 55. Kf2 gxh5 56. Bxh5+ Ke7 57. Bb2 1/2-1/2

[Event "4NCL Division Four"]
[Site "Daventry, ENG"]
[Date "2023.02.04"]
[Round "5.56"]
[White "Vaidyanathan, Sathya"]
[Black "Butcher, Nathaniel"]
[Result "0-1"]
[WhiteElo "1516"]
[BlackElo "1386"]
[PlyCount "102"]
[EventDate "2023.02.04"]
[WhiteTeam "MASCeteers"]
[BlackTeam "Guildford Young Guns"]

1. e4 c5 2. Nf3 Nc6 3. Nc3 d6 4. Bc4 Nf6 5. d3 g6 6. a3 Bg7 7. h3 O-O 8. O-O a6
9. Bd2 b5 10. Ba2 Nh5 11. Rb1 Ne5 12. Nxe5 Bxe5 13. f4 Bd4+ 14. Kh2 e6 15. Ne2
Bg7 16. Ng3 Nxg3 17. Kxg3 Qc7 18. Kh2 a5 19. Qe1 Qe7 20. Bc3 b4 21. Bxg7 Kxg7
22. a4 Bd7 23. b3 Rfe8 24. Qg3 f5 25. Rfe1 Qd8 26. exf5 exf5 27. Rxe8 Bxe8 28.
Re1 Qf6 29. Qe3 Bf7 30. Qc1 Re8 31. Rxe8 Bxe8 32. Qe1 Bc6 33. Bb1 Qd4 34. Qe7+
Kh6 35. Qf8+ Kh5 36. g4+ fxg4 37. hxg4+ Kh4 38. Qd8+ Kxg4 39. Qc8+ Kxf4 40.
Qxc6 Qf2+ 41. Kh1 Qf3+ 42. Qxf3+ Kxf3 43. c3 bxc3 44. d4 Ke3 45. b4 cxb4 46. d5
b3 47. Kg2 c2 48. Bxc2 bxc2 49. Kg3 c1=Q 50. Kg4 Qg1+ 51. Kh3 Kf4 0-1

[Event "4NCL Division Four"]
[Site "Daventry, ENG"]
[Date "2023.02.04"]
[Round "5.61"]
[White "Jones, Robert L"]
[Black "Gill, Oliver"]
[Result "0-1"]
[WhiteElo "1679"]
[BlackElo "2106"]
[PlyCount "99"]
[EventDate "2023.02.04"]
[WhiteTeam "Iceni 3"]
[BlackTeam "Wessex Some Stars A"]

1. e4 d5 2. d4 dxe4 3. Nc3 e5 4. dxe5 Qxd1+ 5. Nxd1 Nc6 6. Bf4 Nge7 7. Bb5 a6
8. Bxc6+ Nxc6 9. Nc3 Bb4 10. O-O-O Bxc3 11. bxc3 O-O 12. Ne2 Re8 13. Ng3 e3 14.
f3 Be6 15. Kb1 Rad8 16. Bxe3 Nxe5 17. Bd4 Nc6 18. Nh5 Nxd4 19. cxd4 Bc4 20.
Rhe1 Rxe1 21. Rxe1 Kf8 22. c3 Rd5 23. Re5 Rxe5 24. dxe5 Bf1 25. f4 Bxg2 26. Kc2
Bf3 27. Ng3 g6 28. Kd3 Ke7 29. Kd4 b6 30. Nf1 Ke6 31. Ne3 f6 32. exf6 c5+ 33.
Kd3 b5 34. a3 Kxf6 35. h4 Ke6 36. Kd2 Be4 37. Kc1 a5 38. Kb2 Bd5 39. Kc2 Be4+
40. Kb2 Bd5 41. Kc2 Kd6 42. Kb2 Bf7 43. Kc2 Be6 44. Kb2 b4 45. a4 c4 46. Nc2
Kc5 47. cxb4+ axb4 48. a5 c3+ 49. Kc1 b3 50. a6 0-1

[Event "4NCL Division Four"]
[Site "Daventry, ENG"]
[Date "2023.02.04"]
[Round "5.62"]
[White "Wilson, Jaimie"]
[Black "Carter, Dominic A"]
[Result "1-0"]
[WhiteElo "2100"]
[BlackElo "1659"]
[PlyCount "83"]
[EventDate "2023.02.04"]
[WhiteTeam "Wessex Some Stars A"]
[BlackTeam "Iceni 3"]

1. c4 Nf6 2. Nf3 g6 3. b3 Bg7 4. Bb2 c5 5. g3 Nc6 6. Bg2 d6 7. d4 O-O 8. O-O
Bf5 9. d5 Nb4 10. Nbd2 Qd7 11. a3 Na6 12. Re1 Bh3 13. Qc1 Bxg2 14. Kxg2 e5 15.
dxe6 fxe6 16. e4 e5 17. Qc3 Nh5 18. h3 Nc7 19. Ng1 Ne6 20. Ndf3 Rf7 21. Qd2
Raf8 22. Rad1 Nd4 23. Nxd4 exd4 24. Rf1 b5 25. Qd3 bxc4 26. Qxc4 Qe7 27. Rde1
Qg5 28. Bc1 Qe7 29. f4 Kh8 30. Nf3 h6 31. e5 dxe5 32. Nxe5 Bxe5 33. Rxe5 Qb7+
34. Rf3 g5 35. Rxc5 Qe4 36. Bb2 Nxf4+ 37. gxf4 Rxf4 38. Qxd4+ Qxd4 39. Bxd4+
Kg8 40. Rxf4 Rxf4 41. Rc8+ Kf7 42. Bxa7 1-0

[Event "4NCL Division Four"]
[Site "Daventry, ENG"]
[Date "2023.02.04"]
[Round "5.63"]
[White "Kent, Rowan"]
[Black "Lukosius, Rolandas"]
[Result "0-1"]
[WhiteElo "1582"]
[BlackElo "2041"]
[PlyCount "74"]
[EventDate "2023.02.04"]
[WhiteTeam "Iceni 3"]
[BlackTeam "Wessex Some Stars A"]

1. e4 c5 2. Nf3 Nc6 3. d4 cxd4 4. Nxd4 Nf6 5. Nc3 e5 6. Ndb5 d6 7. Nd5 Nxd5 8.
Qxd5 a6 9. Nc3 Nd4 10. Kd2 Be7 11. f4 Be6 12. Qxb7 Rb8 13. Qxa6 d5 14. exd5
Bxd5 15. Nxd5 Qxd5 16. Qa4+ Nc6+ 17. Ke1 Bh4+ 18. Ke2 Rb4 19. Qa8+ Bd8 20. Kf2
O-O 21. Qa3 Bb6+ 22. Be3 Qd2+ 23. Kf3 Rxf4+ 24. Bxf4 Qf2+ 25. Kg4 Qxf4+ 26. Kh3
Qh6+ 27. Kg3 Qg5+ 28. Kh3 Qh5+ 29. Kg3 Nd4 30. Bd3 e4 31. Rae1 Qg5+ 32. Kh3
Qf5+ 33. Kg3 Bc7+ 34. Kh4 Qf6+ 35. Kg4 Qg6+ 36. Kh4 Nf5+ 37. Kh3 Qh5# 0-1

[Event "4NCL Division Four"]
[Site "Daventry, ENG"]
[Date "2023.02.04"]
[Round "5.64"]
[White "Westrap, Christian F"]
[Black "Ryan, John"]
[Result "1-0"]
[WhiteElo "1974"]
[BlackElo "1525"]
[PlyCount "83"]
[EventDate "2023.02.04"]
[WhiteTeam "Wessex Some Stars A"]
[BlackTeam "Iceni 3"]

1. d4 d5 2. c4 b6 3. cxd5 Qxd5 4. Nc3 Qd8 5. e4 Bb7 6. Be3 e6 7. Bb5+ c6 8. Bd3
Nf6 9. f4 Nbd7 10. Nf3 Be7 11. O-O O-O 12. h3 c5 13. d5 exd5 14. exd5 Bd6 15.
Bc2 Re8 16. Qd2 Nf8 17. Ba4 Re7 18. Rfe1 a6 19. Bc2 Qc7 20. Nh4 Bc8 21. Nf5
Bxf5 22. Bxf5 Ng6 23. g3 Rae8 24. Bf2 Rxe1+ 25. Rxe1 Rxe1+ 26. Qxe1 Ne7 27. Be4
Nxe4 28. Qxe4 Qd7 29. Kg2 b5 30. b3 f5 31. Qd3 g6 32. a4 b4 33. Nd1 Qb7 34. Ne3
Kf7 35. Kg1 Nc8 36. Nc4 h6 37. Nxd6+ Nxd6 38. Bxc5 Ne4 39. Bf2 Nc3 40. d6 Ke8
41. Qc4 Qf3 42. Qe6+ 1-0

[Event "4NCL Division Four"]
[Site "Daventry, ENG"]
[Date "2023.02.04"]
[Round "5.65"]
[White "Hartshorn, Harry"]
[Black "Pleasants, Allan J"]
[Result "0-1"]
[WhiteElo "1468"]
[BlackElo "1963"]
[PlyCount "104"]
[EventDate "2023.02.04"]
[WhiteTeam "Iceni 3"]
[BlackTeam "Wessex Some Stars A"]

1. d4 g6 2. c4 Bg7 3. Nf3 d6 4. Nc3 Nc6 5. Bf4 Nf6 6. d5 Nb8 7. e4 O-O 8. Be2
Nbd7 9. Qd2 Nc5 10. Qe3 Ng4 11. Qd2 Bxc3 12. Qxc3 Nxe4 13. Qd4 Ngf6 14. Bh6 Re8
15. b4 c5 16. dxc6 bxc6 17. Bd3 c5 18. Qe3 Bb7 19. b5 Qa5+ 20. Ke2 Qa3 21. Rhc1
Qb2+ 22. Bc2 d5 23. Qb3 Qxb3 24. axb3 Nxf2 25. Be3 N2e4 26. cxd5 Nc3+ 27. Kf1
Nfxd5 28. Bxc5 Nxb5 29. Bd3 a6 30. Ra5 Rac8 31. Bxb5 axb5 32. Rxb5 Ba6 33. Nd4
Nc7 34. Bxe7 Rxe7 35. Kf2 Bxb5 36. Nxb5 Rb8 37. Nxc7 Rxb3 38. Nd5 Ra7 39. Ne3
Ra2+ 40. Kf3 Rbb2 41. h4 Rf2+ 42. Kg3 Kg7 43. Rc6 Rf6 44. Rc5 Ra3 45. Re5 Re6
46. Rxe6 fxe6 47. Kf4 Ra4+ 48. Kg3 h5 49. Nf1 Rg4+ 50. Kh3 Kf6 51. g3 Ra4 52.
Nd2 e5 0-1

[Event "4NCL Division Four"]
[Site "Daventry, ENG"]
[Date "2023.02.04"]
[Round "5.66"]
[White "Gregory, Keith D F"]
[Black "Rosenbach, Philip"]
[Result "1-0"]
[WhiteElo "1946"]
[BlackElo "903"]
[PlyCount "63"]
[EventDate "2023.02.04"]
[WhiteTeam "Wessex Some Stars A"]
[BlackTeam "Iceni 3"]

1. Nf3 d5 2. d4 Nc6 3. Bf4 Bg4 4. Nbd2 e6 5. e3 Bd6 6. Bxd6 Qxd6 7. Be2 Nf6 8.
a3 O-O 9. c4 Ne4 10. Nxe4 dxe4 11. Nd2 Bxe2 12. Qxe2 e5 13. d5 Ne7 14. Nxe4 Qg6
15. f3 b5 16. b3 a5 17. O-O a4 18. b4 bxc4 19. Qxc4 Rac8 20. Nc5 Nf5 21. Qe4 c6
22. Rad1 Rcd8 23. dxc6 Rc8 24. b5 Rb8 25. Nd7 Rxb5 26. Nxf8 Kxf8 27. c7 Nd6 28.
Qa8+ Ne8 29. Qxe8+ Kxe8 30. c8=Q+ Ke7 31. Qd7+ Kf6 32. Rd6+ 1-0

[Event "4NCL Division Four"]
[Site "Daventry, ENG"]
[Date "2023.02.04"]
[Round "5.71"]
[White "Flynn, David"]
[Black "Evans, Daniel"]
[Result "1/2-1/2"]
[WhiteElo "1920"]
[BlackElo "1665"]
[PlyCount "55"]
[EventDate "2023.02.04"]
[WhiteTeam "Ashfield 2"]
[BlackTeam "Cambridge University Y1"]

1. e4 e6 2. d4 d5 3. Bd3 c5 4. exd5 exd5 5. Nf3 Nf6 6. O-O Be7 7. Re1 O-O 8.
dxc5 Bxc5 9. Be3 Bxe3 10. Rxe3 Bg4 11. Nbd2 Nc6 12. Nb3 Qb6 13. Be2 Rae8 14.
Rxe8 Rxe8 15. c3 Ne4 16. Qf1 Ne5 17. Nxe5 Bxe2 18. Qxe2 Rxe5 19. Nd4 f6 20. Qb5
Qc7 21. Nf3 Nd6 22. Qd3 Rf5 23. Rd1 Ne4 24. Qd4 b6 25. Re1 Ng5 26. Nxg5 Rxg5
27. h3 Re5 28. Qd2 1/2-1/2

[Event "4NCL Division Four"]
[Site "Daventry, ENG"]
[Date "2023.02.04"]
[Round "5.72"]
[White "Jayakumar, Bharath"]
[Black "Combie, Alex B"]
[Result "1/2-1/2"]
[WhiteElo "1650"]
[BlackElo "1883"]
[PlyCount "162"]
[EventDate "2023.02.04"]
[WhiteTeam "Cambridge University Y1"]
[BlackTeam "Ashfield 2"]

1. d4 Nf6 2. c4 g6 3. Nf3 Bg7 4. Bf4 O-O 5. h3 c5 6. e3 cxd4 7. exd4 d5 8. Nc3
Nc6 9. c5 Ne4 10. Be2 Nxc3 11. bxc3 b6 12. O-O bxc5 13. dxc5 Bxc3 14. Rc1 Bg7
15. Bb5 Bb7 16. Qa4 Qc8 17. Rfd1 a6 18. Be2 e5 19. Bg3 d4 20. Nd2 Ne7 21. Qa3
Nd5 22. Ne4 Bc6 23. Bc4 Qd7 24. Bb3 Kh8 25. Bc4 Ne3 26. fxe3 Bxe4 27. Bd3 Qc6
28. Bxe4 Qxe4 29. exd4 exd4 30. c6 Bh6 31. Rc4 Qe2 32. Qb3 Be3+ 33. Kh1 f6 34.
Rb1 Qh5 35. c7 Qf5 36. Rb4 Rac8 37. Rb8 Kg7 38. Rxc8 Rxc8 39. Qd1 Bf4 40. Bxf4
Qxf4 41. Qa4 Qd6 42. Rc1 d3 43. Rc6 Qd5 44. Rc4 Qe6 45. Re4 Qf7 46. Qxa6 Rxc7
47. Qxd3 Rc1+ 48. Kh2 Qc7+ 49. g3 Qa7 50. Re3 Qxa2+ 51. Re2 Qa7 52. Re3 Qb7 53.
Qe4 Qxe4 54. Rxe4 Rc2+ 55. Kg1 Kf7 56. Ra4 h5 57. Ra7+ Ke6 58. Ra6+ Ke5 59.
Ra5+ Kd6 60. Ra8 h4 61. gxh4 Ke5 62. Ra5+ Kf4 63. h5 gxh5 64. Rxh5 f5 65. h4
Kg4 66. Rg5+ Kf4 67. Rg8 Kf3 68. h5 Rc1+ 69. Kh2 f4 70. Rg5 Rc7 71. Kh1 Rh7 72.
Kh2 Ke3 73. Kh3 f3 74. Ra5 f2 75. Ra3+ Ke4 76. Kg2 Rg7+ 77. Kf1 Rh7 78. Kxf2
Rxh5 79. Ra4+ Kf5 80. Ra5+ Kg4 81. Rxh5 Kxh5 1/2-1/2

[Event "4NCL Division Four"]
[Site "Daventry, ENG"]
[Date "2023.02.04"]
[Round "5.73"]
[White "Bromilow, Edward T"]
[Black "Laza, Andrei"]
[Result "1-0"]
[WhiteElo "1778"]
[BlackElo "1223"]
[PlyCount "63"]
[EventDate "2023.02.04"]
[WhiteTeam "Ashfield 2"]
[BlackTeam "Cambridge University Y1"]

1. d4 b6 2. e4 Bb7 3. Nc3 e6 4. a3 Nf6 5. Bd3 g6 6. Nf3 Bg7 7. Bg5 h6 8. Bh4 g5
9. Bg3 Nh5 10. Be5 Bxe5 11. Nxe5 Nf4 12. Qf3 d6 13. g3 Nxd3+ 14. Nxd3 Nd7 15.
O-O-O Qe7 16. Rhe1 O-O-O 17. d5 Rhf8 18. Nb4 Ne5 19. Qe2 c5 20. dxc6 Nxc6 21.
Qc4 Qd7 22. Nb5 Kb8 23. Rxd6 Qxd6 24. Nxd6 Rxd6 25. Rd1 Rxd1+ 26. Kxd1 Rd8+ 27.
Kc1 Ne5 28. Na6+ Ka8 29. Qc7 Nd3+ 30. Kb1 Rc8 31. Qb8+ Rxb8 32. Nc7# 1-0

[Event "4NCL Division Four"]
[Site "Daventry, ENG"]
[Date "2023.02.04"]
[Round "5.74"]
[White "Cann, Arthur"]
[Black "Radford, Mark Sr"]
[Result "0-1"]
[WhiteElo "1321"]
[BlackElo "1816"]
[PlyCount "78"]
[EventDate "2023.02.04"]
[WhiteTeam "Cambridge University Y1"]
[BlackTeam "Ashfield 2"]

1. d4 e6 2. c4 Nf6 3. Nc3 Bb4 4. a3 Bxc3+ 5. bxc3 O-O 6. Bg5 h6 7. Bh4 d6 8. e3
Nbd7 9. Nf3 b6 10. Bd3 Bb7 11. Bxf6 Nxf6 12. O-O Ne4 13. Bxe4 Bxe4 14. Re1 f5
15. Nd2 Bb7 16. e4 f4 17. d5 e5 18. a4 a5 19. h3 Rf6 20. Qh5 Bc8 21. h4 Kh7 22.
Qe2 Rg6 23. Nf3 Kg8 24. h5 Rg4 25. Nh2 Rg5 26. Qf3 Bd7 27. g4 fxg3 28. fxg3 Qe7
29. Kg2 Rf8 30. Qe2 Qe8 31. Rf1 Rxf1 32. Rxf1 Rxh5 33. g4 Rg5 34. Kh1 Bxg4 35.
Qf2 Bd7 36. Rg1 Qg6 37. Rxg5 Qxg5 38. Nf3 Qf4 39. Qg2 Bxa4 0-1

[Event "4NCL Division Four"]
[Site "Daventry, ENG"]
[Date "2023.02.04"]
[Round "5.75"]
[White "Levens, David G"]
[Black "Horwood, Alexander"]
[Result "1-0"]
[WhiteElo "1780"]
[BlackElo "1239"]
[PlyCount "83"]
[EventDate "2023.02.04"]
[WhiteTeam "Ashfield 2"]
[BlackTeam "Cambridge University Y1"]

1. e4 c5 2. d4 cxd4 3. c3 dxc3 4. Nxc3 g6 5. Bc4 Bg7 6. Qb3 e6 7. Nb5 Qb6 8.
Be3 Qa5+ 9. Bd2 Qb6 10. Bb4 a5 11. Nd6+ Kd8 12. Nxf7+ Ke8 13. Nd6+ Kd8 14. Ba3
Qc6 15. Nf7+ Ke8 16. Nxh8 Qxe4+ 17. Be2 Bd4 18. Qf3 Qxf3 19. Nxf3 Bxh8 20. O-O
Na6 21. Rac1 b6 22. Bb5 Bb7 23. Rfd1 Rd8 24. Nd4 Bxd4 25. Rxd4 g5 26. Re1 Nc7
27. Bd3 Nf6 28. Bd6 Ncd5 29. Bb5 Kf7 30. Be2 Nf4 31. Bxf4 gxf4 32. Rxf4 Kg6 33.
Bd3+ Kg5 34. g3 Nd5 35. Re5+ Kh6 36. Rh4+ Kg7 37. Rxh7+ Kf6 38. f4 Rg8 39. Kf2
Nb4 40. Be2 d6 41. Rh6+ Kf7 42. Rexe6 1-0

[Event "4NCL Division Four"]
[Site "Daventry, ENG"]
[Date "2023.02.04"]
[Round "5.76"]
[White "Wang, Xiling"]
[Black "Graham, Neil"]
[Result "1/2-1/2"]
[WhiteElo "1186"]
[BlackElo "1783"]
[PlyCount "36"]
[EventDate "2023.02.04"]
[WhiteTeam "Cambridge University Y1"]
[BlackTeam "Ashfield 2"]

1. e4 e5 2. Nf3 Nf6 3. Nxe5 d6 4. Nf3 Nxe4 5. Nc3 Nxc3 6. dxc3 Be7 7. Bd3 O-O
8. Be3 Nd7 9. Qd2 Nf6 10. h3 c6 11. O-O-O Qa5 12. a3 Bf5 13. Bxf5 Qxf5 14. Rhe1
Rfe8 15. Nd4 Qd5 16. Nb3 Qxd2+ 17. Nxd2 Nd5 18. Nf3 Nxe3 1/2-1/2

[Event "4NCL Division Four"]
[Site "Daventry, ENG"]
[Date "2023.02.04"]
[Round "5.81"]
[White "Mehta, Sophie"]
[Black "Neatherway, A Philip"]
[Result "1/2-1/2"]
[WhiteElo "1461"]
[BlackElo "1825"]
[PlyCount "37"]
[EventDate "2023.02.04"]
[WhiteTeam "She Plays to Win Young Stars"]
[BlackTeam "Oxford 3"]

1. d4 Nf6 2. Bf4 b6 3. Nf3 Bb7 4. Nbd2 e6 5. e3 c5 6. c3 cxd4 7. cxd4 Nc6 8.
Be2 d5 9. O-O Be7 10. Ne5 O-O 11. Nxc6 Bxc6 12. Rc1 Bb7 13. Rc7 Rb8 14. Bb5 Bd6
15. Rc8 Bxf4 16. exf4 Qd6 17. g3 Rbxc8 18. Qa4 a5 19. Nf3 1/2-1/2

[Event "4NCL Division Four"]
[Site "Daventry, ENG"]
[Date "2023.02.04"]
[Round "5.82"]
[White "Cole, Graham"]
[Black "Belur, Ankita"]
[Result "1/2-1/2"]
[WhiteElo "1773"]
[BlackElo "1411"]
[PlyCount "28"]
[EventDate "2023.02.04"]
[WhiteTeam "Oxford 3"]
[BlackTeam "She Plays to Win Young Stars"]

1. e4 d6 2. d4 Nf6 3. Nc3 g6 4. Nf3 Bg7 5. Be2 O-O 6. O-O Nbd7 7. h3 c5 8. d5
a6 9. a4 Qc7 10. Be3 b6 11. Qd2 Bb7 12. Bh6 c4 13. Bxg7 Kxg7 14. Nd4 Nc5
1/2-1/2

[Event "4NCL Division Four"]
[Site "Daventry, ENG"]
[Date "2023.02.04"]
[Round "5.83"]
[White "Sengupta, Sohana"]
[Black "Curran, David P"]
[Result "1/2-1/2"]
[WhiteElo "1455"]
[BlackElo "1770"]
[PlyCount "201"]
[EventDate "2023.02.04"]
[WhiteTeam "She Plays to Win Young Stars"]
[BlackTeam "Oxford 3"]

1. e4 c6 2. d4 d5 3. Nc3 dxe4 4. Nxe4 Nd7 5. Nf3 Ngf6 6. Ng3 Qc7 7. Bc4 e6 8.
Qe2 Nb6 9. Bb3 Be7 10. c3 c5 11. dxc5 Bxc5 12. Be3 Bd7 13. O-O Bxe3 14. Qxe3
O-O 15. h3 Bb5 16. Rfc1 Nc4 17. Qg5 Ba6 18. Rab1 Rfd8 19. Nh5 Nxh5 20. Qxh5 Qf4
21. Bc2 h6 22. Qh4 Qxh4 23. Nxh4 Ne5 24. Rd1 Be2 25. Re1 Rd2 26. Bd1 Bd3 27.
Ra1 Nc6 28. b3 Bh7 29. Nf3 Rd6 30. Nh2 Rad8 31. Bf3 b6 32. Bxc6 Rxc6 33. Red1
Rcd6 34. Rdc1 Be4 35. Nf1 Kf8 36. f3 Bb7 37. Ne3 Ke7 38. c4 Rd3 39. Re1 Kd6 40.
Rac1 Kc5 41. b4+ Kxb4 42. c5 Kb5 43. cxb6 axb6 44. Nc4 Bd5 45. a4+ Ka6 46. Ne5
Ra3 47. Nxf7 Rd7 48. Ne5 Rb7 49. Ra1 Rxa1 50. Rxa1 Rc7 51. Rb1 Rc3 52. Nd7 Rb3
53. Ra1 Rb4 54. Rc1 Rc4 55. Rb1 Rc7 56. Ne5 Rb7 57. Ra1 Ka5 58. Nd3 Rc7 59. Rb1
Rc4 60. Rb5+ Ka6 61. Nb4+ Ka7 62. Nxd5 exd5 63. Rxd5 Rc7 64. a5 bxa5 65. Rxa5+
Kb6 66. Ra1 Rf7 67. Rb1+ Kc6 68. Rd1 Rf5 69. Kf2 Ra5 70. Rd2 g6 71. g4 Kc7 72.
Ke3 Rb5 73. Kf4 Ra5 74. Ke4 Rb5 75. Rd5 Rb4+ 76. Ke5 Rb3 77. Kf4 Rb4+ 78. Kg3
Rb3 79. h4 Ra3 80. h5 g5 81. Rf5 Ra6 82. Re5 Kd7 83. Re2 Ra3 84. Kg2 Ra4 85.
Kf2 Ra3 86. Re3 Ra2+ 87. Ke1 Ra1+ 88. Kd2 Ra2+ 89. Kc1 Rf2 90. Kd1 Rh2 91. Re2
Rh3 92. Rf2 Ke6 93. f4 Rh1+ 94. Kc2 Rg1 95. fxg5 hxg5 96. h6 Rxg4 97. Rh2 Rc4+
98. Kd3 Rc8 99. h7 Rh8 100. Ke4 Kf6 101. Kf3 1/2-1/2

[Event "4NCL Division Four"]
[Site "Daventry, ENG"]
[Date "2023.02.04"]
[Round "5.84"]
[White "Blinov, Roman"]
[Black "Ashton, Alannah"]
[Result "1-0"]
[WhiteElo "1731"]
[BlackElo "1330"]
[PlyCount "63"]
[EventDate "2023.02.04"]
[WhiteTeam "Oxford 3"]
[BlackTeam "She Plays to Win Young Stars"]

1. d4 Nf6 2. Bf4 d5 3. e3 e6 4. Nd2 Bd6 5. Bg3 O-O 6. Bd3 b6 7. Qe2 a5 8. Ngf3
Ba6 9. O-O Bxd3 10. cxd3 Bxg3 11. hxg3 c5 12. dxc5 bxc5 13. Rac1 Qb6 14. Rc2
Na6 15. b3 Nb4 16. Rb2 Qb5 17. Ne5 Nd7 18. Nxd7 Qxd7 19. Nb1 a4 20. Nc3 axb3
21. axb3 d4 22. Na4 dxe3 23. Nb6 exf2+ 24. Kh2 Qxd3 25. Nxa8 Qg6 26. Rxf2 Rxa8
27. Rf1 Nd3 28. Rd2 Ne5 29. Rfd1 Ng4+ 30. Qxg4 Qh6+ 31. Qh4 Qxh4+ 32. gxh4 1-0

[Event "4NCL Division Four"]
[Site "Daventry, ENG"]
[Date "2023.02.04"]
[Round "5.85"]
[White "Zhao, Wenyi"]
[Black "Tringali, Alessandro"]
[Result "0-1"]
[WhiteElo "1353"]
[BlackElo "1704"]
[PlyCount "122"]
[EventDate "2023.02.04"]
[WhiteTeam "She Plays to Win Young Stars"]
[BlackTeam "Oxford 3"]

1. d4 Nf6 2. c4 g6 3. Nc3 d5 4. Nf3 Bg7 5. h3 c5 6. e3 O-O 7. Bd2 b6 8. cxd5
Nxd5 9. Bc4 Bb7 10. Bxd5 Bxd5 11. Nxd5 Qxd5 12. Bc3 Nc6 13. O-O cxd4 14. Re1 e5
15. Qd2 e4 16. Nxd4 Nxd4 17. Bxd4 Rfd8 18. Red1 Rac8 19. Qe2 Qc6 20. Qa6 Rc7
21. Rac1 Qb7 22. Qxb7 Rxb7 23. f3 exf3 24. gxf3 Rbd7 25. Kf1 Bxd4 26. Rxd4 Rxd4
27. exd4 Rxd4 28. Rc8+ Kg7 29. Rc2 a5 30. Rc6 b5 31. Rc5 Rb4 32. b3 a4 33. Rc3
axb3 34. Rxb3 Rxb3 35. axb3 Kf6 36. Ke2 Ke5 37. Ke3 g5 38. b4 h5 39. Kd3 f5 40.
Ke3 g4 41. fxg4 fxg4 42. hxg4 hxg4 43. Kf2 Kd4 44. Kg3 Kc3 45. Kxg4 Kxb4 46.
Kf3 Kc3 47. Ke2 Kc2 48. Ke3 b4 49. Kd4 b3 50. Ke5 b2 51. Kd6 b1=Q 52. Kd5 Qb4
53. Ke5 Qc4 54. Kd6 Qb5 55. Ke6 Kd3 56. Kf6 Ke4 57. Kg6 Qf5+ 58. Kg7 Ke5 59.
Kh6 Qg4 60. Kh7 Kf6 61. Kh8 Qg7# 0-1

[Event "4NCL Division Four"]
[Site "Daventry, ENG"]
[Date "2023.02.04"]
[Round "5.86"]
[White "Rumsby, Stephen"]
[Black "Tager, Maya"]
[Result "1/2-1/2"]
[WhiteElo "1605"]
[BlackElo "1114"]
[PlyCount "111"]
[EventDate "2023.02.04"]
[WhiteTeam "Oxford 3"]
[BlackTeam "She Plays to Win Young Stars"]

1. e4 e5 2. Nf3 Nc6 3. Bb5 d6 4. h3 Nf6 5. d3 g6 6. Nc3 Bg7 7. O-O O-O 8. Be3
a6 9. Ba4 Be6 10. Qd2 Qe7 11. Bb3 Rfe8 12. Bg5 Qd7 13. Nd5 Bxd5 14. Bxd5 Nxd5
15. exd5 Nd4 16. Nh2 c6 17. Ng4 Nf5 18. Nf6+ Bxf6 19. Bxf6 cxd5 20. g4 Qe6 21.
g5 Nh4 22. Qe3 Qf5 23. Qg3 Nf3+ 24. Kg2 e4 25. Rad1 Re6 26. dxe4 dxe4 27. Rxd6
Rxd6 28. Qxd6 Nh4+ 29. Kg3 Qxg5+ 30. Bxg5 Nf5+ 31. Kf4 Nxd6 32. Rd1 Nf5 33.
Kxe4 Re8+ 34. Kf3 Kg7 35. Rd7 b5 36. Be3 Nxe3 37. fxe3 Re6 38. Rd4 f5 39. a4
Rc6 40. c3 h5 41. axb5 axb5 42. Ke2 Kf6 43. Kd3 Ke5 44. b3 g5 45. c4 bxc4+ 46.
bxc4 g4 47. hxg4 hxg4 48. Ke2 Rh6 49. Rd1 Rh2+ 50. Kd3 g3 51. Rg1 g2 52. Ke2 f4
53. Kf3 fxe3 54. Kxe3 Rh3+ 55. Kf2 Rc3 56. Rxg2 1/2-1/2

[Event "4NCL Division Four"]
[Site "Daventry, ENG"]
[Date "2023.02.04"]
[Round "5.91"]
[White "Latypova, Olga L"]
[Black "Reynolds, D Ian W"]
[Result "1-0"]
[WhiteElo "1766"]
[BlackElo "1958"]
[PlyCount "99"]
[EventDate "2023.02.04"]
[WhiteTeam "She Plays To Win Lionesses"]
[BlackTeam "Iceni 2"]

1. e4 e5 2. Nf3 Nc6 3. Bc4 Bc5 4. c3 Nf6 5. d3 a5 6. a4 d6 7. Bb3 h6 8. O-O O-O
9. Nbd2 Bg4 10. h3 Bh5 11. Re1 Nh7 12. Nf1 Ng5 13. Bxg5 hxg5 14. g4 Bg6 15. Qd2
Qf6 16. Kg2 Ne7 17. Qxg5 Qxg5 18. Nxg5 c6 19. Nf3 Bh7 20. d4 exd4 21. Nxd4 Ng6
22. Kg3 Rfe8 23. Rad1 Rad8 24. Nf5 Ne7 25. Nxe7+ Rxe7 26. f3 Rde8 27. Nd2 Kf8
28. Rf1 f6 29. h4 g6 30. Nc4 Bg8 31. Nxa5 Ra8 32. Bxg8 Kxg8 33. b4 Bb6 34. Nc4
Bc7 35. Kh3 Rxa4 36. Nxd6 Ra3 37. Nxb7 Rxc3 38. Nc5 Rc2 39. Rh1 Rc4 40. Rb1 Bd6
41. Rhc1 Rd4 42. Rd1 Be5 43. Rxd4 Bxd4 44. Rd1 Be5 45. Rd8+ Kf7 46. g5 fxg5 47.
hxg5 Ra7 48. Nd3 Bc7 49. Rd7+ Ke6 50. Rg7 1-0